Las lágrimas nacen en Grecia /

Guardado en:
Autor Principal: Valentino, Esteban.
Otros Autores: Pez, Alberto; il.
Formato: Libro
Publicado: Bogota : Norma, 1991.
Series:Torre de Papel. Azul +9 años
Materias:
Etiquetas: Agregar Etiqueta
Sin Etiquetas, Sea el primero en etiquetar este registro!
LEADER 01311nam a22002415a 4500
001 CEM.cems019936
008 230327s1991##################000#0#####d
005 20230327132516.0
245 1 0 |a Las lágrimas nacen en Grecia /  |c Esteban Valentino; ilustrado por Alberto Pez. 
260 |a Bogota :  |b Norma,  |c 1991. 
300 |a 102 p. 
490 0 |a Torre de Papel. Azul +9 años 
505 0 |a El hombre que vino a morirse -- El gran reencuentro -- El entristecedor -- La visita de los elefantes -- Un clásico viaje a Grecia -- El entristecedor de órdenes -- Un monasterio para dos -- El camino de Galikis -- Los Chasquis Cólikos -- Llovía esa noche sobre Atenas … -- Olmos descubre una frase -- UNa historia antigua -- Hacia el monte -- En la ladera de los Mustios -- La marcha de los orejones -- El Último Órejon del Tarro -- Los últimos instantes de Olmos y Guaso -- La cabalgata de los Chasquis -- Adiós al amigo -- In epílogo -- Otro epilógo (En un oscuro hotel de Paris) 
020 |a 9875450537 
100 1 |a Valentino, Esteban. 
700 1 |a Pez, Alberto; il. 
082 0 4 |a A868.4 
653 |a Literatura 
653 |a Literatura Argentina 
653 |a Cuentos 
653 |a Cuentos infantiles 
653 |a Literatura Infantil 
859 |a CEMS  |b BIB. CEMS - Inicial y Primaria  |h A868.4  |i V235  |k IP  |p 2133  |t Ej.1